| 000 | 00511nam a2200169Ia 4500 | ||
|---|---|---|---|
| 008 | 090201s9999 xx 000 0 und d | ||
| 010 | _aKPL-46374 | ||
| 040 | _bमराठी | ||
| 041 | _aमराठी | ||
| 082 |
_a21289 _b46374 |
||
| 100 | _aहेमंत कर्णिक | ||
| 245 |
_aदि किंग _cहेमंत कर्णिक |
||
| 260 |
_c2004 _bश्रध्दा प्रकाशन |
||
| 300 |
_a175 _bलहान |
||
| 600 | _aदि किंग | ||
| 942 | _cBOOK | ||
| 999 |
_c220996 _d220996 |
||